| 000 | 00461 a2200169 4500 | ||
|---|---|---|---|
| 020 | _a0-14-036681-4 | ||
| 020 | _a0-14-036681-4 | ||
| 040 |
_aDLC _bEnglish |
||
| 082 | 4 | _a823.8 | |
| 100 | 1 | _aDickens, Charles, | |
| 245 | 1 | 0 |
_aGreat expectations _cCharles Dickens ; abridged by Linda Jennings. |
| 260 |
_aLondon : _bPuffin, _c1995. |
||
| 300 |
_a417 p. ; _c20 cm. |
||
| 490 | 0 | _aPuffin classics | |
| 700 | 1 |
_aJennings, Linda M. _d1937- |
|
| 942 |
_cBK _k823.8 DIC _2ddc |
||
| 999 |
_c4944 _d4944 |
||